000
00260nam a2200109Ia 4500
008
220204s9999 xx 000 0 und d
082
_a
537.2
_b
HAA
100
_a
Heinz
245
0
_a
Electrostatic hazards
260
_a
New York
_b
Verlag Chemie
_c
1977
942
_c
BK
999
_c
30707
_d
30707